Language Quiz

Random Language or Spanish Quiz

English to Spanish Cognates Quiz Stats

 Plays Quiz Updated Dec 24, 2018

Challenge
Share
Tweet
Embed
Score 0/48 Timer 06:00
22 Plays Today
English Word Spanish Translation % Correct
AnimalAnimal
94.8%
ActorActor
92.5%
ChocolateChocolate
89.2%
ImportantImportante
88.9%
ArtArte
88.4%
BankBanco
88%
DoctorDoctor
86%
MusicMúsica
85.5%
HospitalHospital
83.8%
ProblemProblema
82.9%
ElephantElefante
82.9%
HorribleHorrible
81.9%
GolfGolf
81.2%
PianoPiano
80.2%
TelevisionTelevisión
80%
PublicPúblico
79.6%
CultureCultura
78.9%
TaxiTaxi
78.5%
IntelligentInteligente
78.1%
RomanticRomántico
77.8%
IdealIdeal
77.7%
GasolineGasolina
77.3%
SeriousSerio
76.9%
CuriousCurioso
76.9%
English Word Spanish Translation % Correct
GenerousGeneroso
75.1%
PracticePráctica
75.1%
FuriousFurioso
74.6%
OpinionOpinión
74.1%
CarCarro
73.7%
FlexibleFlexible
70.8%
BaseballBéisbol
68.7%
LionLeón
68.7%
ReligiousReligioso
68.6%
MathematicsMatemáticas
68%
DirectionDirección
67.5%
DietDieta
67%
IngredientIngrediente
65.5%
GuitarGuitarra
63.8%
OceanOcéano
63.8%
SupermarketSupermercado
63.7%
CassetteCasete
61.5%
VitaminVitamina
60.2%
TouristTurista
53.8%
DepartmentDepartamento
52.5%
RobRobar
47.4%
IndependentIndependiente
45.1%
ObserveObservar
44.7%
ResponsibleResponsable
31.4%

You're not logged in!

Compare scores with friends on all Sporcle quizzes.
OR
Log In

You Might Also Like...

Show Comments

Extras

Top Quizzes Today


Score Distribution

Your Account Isn't Verified!

In order to create a playlist on Sporcle, you need to verify the email address you used during registration. Go to your Sporcle Settings to finish the process.

Report this User

Report this user for behavior that violates our Community Guidelines.

Details: